000 00928nam a2200277 a 4500
001 49913
003 BD-RjUL
005 20211209075430.0
008 160823m19761964paua 001 0 eng d
020 _a0721635326
035 _a(BD-RjUL)50033
040 _aDLC
_cDLC
_dEQO
_dBD-RjUL
_beng
041 _aeng
082 _a372.86
_223
_bFAE 1976
100 1 0 _aFait, Hollis F.
_9149451
245 1 0 _aexperiences in movement :
_bPhysical education for the elementary school child /
_cHollis F. Fait ; Illustrated by Gregory Fait and Gerry Fait
250 _a3rd ed.
260 _aPhiladelphia :
_bW. B. Saunders,
_c1976.
300 _axvii, 524 p. :
_bill ;
_c26 cm.
500 _aIncludes index
650 0 _aPhysical education for children
_9142633
650 0 _aPhysical education for children
_vCurricula
_yUnited States
_9149592
700 _aFait, Gregory
_9149593
700 _aFait, Gerry
_9149594
942 _2ddc
_cBK
999 _c49913
_d49913